Élections législatives de 2024 sur une carte - Statistiques

Statistiques générales
  • Ce quiz a été pris 908 fois
    900 depuis la dernière actualisation
  • Le résultat moyen est 111 sur 577
Réponses sur la Carte
Les réponses sont colorées sur une échelle allant du rouge au vert en fonction du pourcentage des utilisateurs qui les ont devinées à leur premier essai. Vous pouvez retrouver ces pourcentages ci-dessous.
 
Statistiques - réponses
Député.e % Correct
Marine Le Pen
87%
Eric Ciotti
73%
François Hollande
73%
Gabriel Attal
73%
Mathilde Panot
72%
Sandrine Rousseau
69%
Aurélien Rousseau
68%
Jean-Philippe Tanguy
66%
Élisabeth Borne
65%
Sébastien Delogu
65%
Liliana Tanguy
64%
Sébastien Chenu
64%
Louis Boyard
63%
Gérald Darmanin
62%
Guillaume Gouffier-Cha
61%
Laurent Wauquiez
61%
Manuel Bompard
61%
Olivier Faure
61%
François Ruffin
59%
Alexis Corbière
58%
Clémentine Autain
58%
Emeline K/Bidi
58%
Yaël Braun-Pivet
57%
Clémence Guetté
55%
Aurélien Le Coq
54%
Raphaël Arnault
54%
Danièle Obono
52%
Laure Lavalette
52%
Arnaud Saint-Martin
51%
André Chassaigne
50%
Antoine Léaument
50%
Boris Vallaud
50%
Alexandra Martin
49%
Elisa Martin
49%
Patrice Martin
49%
Charles de Courson
47%
Julien Odoul
47%
Sophia Chikirou
47%
Edwige Diaz
46%
Aymeric Caron
45%
David Guiraud
45%
Eric Coquerel
43%
Jean-Paul Lecoq
43%
Aurore Bergé
42%
Danielle Simonnet
42%
Annie Genevard
41%
Hendrik Davi
41%
Jean-René Cazeneuve
41%
Pierre Cazeneuve
41%
Cyrielle Chatelain
40%
Laurent Jacobelli
40%
Philippe Brun
40%
Fabrice Brun
39%
Prisca Thévenot
39%
Stella Dupont
39%
Emmanuel Grégoire
38%
Jérôme Guedj
38%
Olivia Grégoire
38%
Ugo Bernalicis
38%
Alma Dufour
37%
Aurélien Pradié
37%
Carlos Martens Bilongo
36%
Sacha Houlié
36%
Stéphane Peu
36%
Thomas Cazenave
36%
Delphine Batho
35%
Fabrice Roussel
35%
Hadrien Clouet
35%
Nadège Abomangoli
35%
Philippe Juvin
35%
Aurélien Taché
34%
Olivier Marleix
34%
Caroline Yadan
33%
Thomas Portes
33%
Andy Kerbrat
32%
Christelle d'Intorni
32%
Christine Pirès-Beaune
32%
Elsa Faucillon
32%
Guillaume Kasbarian
32%
Sandrine Le Feur
32%
Aly Diouara
31%
Arthur Delaporte
31%
Dominique Voynet
31%
Ersilia Soudais
31%
Estelle Youssouffa
31%
Eva Sas
31%
Laurent Marcangeli
31%
Marie-Charlotte Garin
31%
Sarah Legrain
31%
Sylvain Maillard
31%
Aurélien Saintoul
30%
Aurélie Trouvé
30%
François Piquemal
30%
Laurent Panifous
30%
Marc Fesneau
30%
Sébastien Peytavie
30%
Stéphane Séjourné
30%
Agnès Pannier-Runacher
29%
Christophe Bex
29%
Corentin Le Fur
29%
Eric Woerth
29%
Frédérique Meunier
29%
Iñaki Echaniz
29%
Manon Meunier
29%
Martine Froger
29%
Vincent Jeanbrun
29%
Caroline Parmentier
28%
Catherine Hervieu
28%
Céline Hervieu
28%
Gabriel Amard
28%
Karim Ben Cheikh
28%
Loïc Prud'homme
28%
Maud Bregeon
28%
Naïma Moutchou
28%
Roland Lescure
28%
Bérenger Cernon
27%
Damien Maudet
27%
Emmanuel Fernandes
27%
Hélène Laporte
27%
Paul Vannier
27%
Rodrigo Arenas
27%
Stéphane Vojetta
27%
Antoine Armand
26%
Benjamin Lucas-Lundy
26%
Claire Lejeune
26%
Dominique Potier
26%
Karl Olive
26%
Nathalie Oziol
26%
Paul Midy
26%
Sandra Regol
26%
Anne Genetet
25%
Brigitte Klinkert
25%
Farida Amrani
25%
Franck Riester
25%
Jean-Hugues Ratenon
25%
Jean-Philippe Nilor
25%
Jean-Victor Castor
25%
Jérôme Legavre
25%
Marie Mesmeur
25%
Marie Pochon
25%
Patrick Hetzel
25%
Pierre-Yves Cadalen
25%
René Pilato
25%
Alain David
24%
Anna Pic
24%
Astrid Panosyan-Bouvet
24%
Bastien Lachaud
24%
Davy Rimane
24%
Didier Lemaire
24%
Hanane Mansouri
24%
Laurent Alexandre
24%
Nathalie Da Conceiao Carvalho
24%
Olivier Serva
24%
Paul Christophe
24%
Sabrina Sebaihi
24%
Ségolène Amiot
24%
Alexandra Masson
23%
Arnaud Le Gall
23%
Bruno Fuchs
23%
Bryan Masson
23%
David Habib
23%
Dieynaba Diop
23%
Fatiha Keloua-Hachi
23%
Frédéric Petit
23%
Hugo Prevost
23%
Maud Petit
23%
Michèle Tabarot
23%
Nicolas Sansu
23%
Olivier Becht
23%
Philippe Ballard
23%
Benjamin Haddad
22%
Christine Engrand
22%
Franck Allisio
22%
Jean-Noël Barrot
22%
José Gonzalez
22%
Louise Morel
22%
Olivier Falorni
22%
Perceval Gaillard
22%
Pouria Amirshahi
22%
Xavier Breton
22%
Erwan Balanant
21%
Guillaume Bigot
21%
Hervé Berville
21%
Joël Aviragnet
21%
Laure Miller
21%
Nicolas Metzdorf
21%
Roger Chudeau
21%
Sandrine Josso
21%
Serge Muller
21%
Soumya Bourouaha
21%
Thomas Ménagé
21%
Virginie Duby-Muller
21%
Gabrielle Cathala
20%
Geneviève Darrieussecq
20%
Laëtitia Saint-Paul
20%
Sylvain Carrière
20%
Thibault Bazin
20%
Zahia Hamdane
20%
Agnès Firmin-Le Bodo
19%
Annaïg Le Meur
19%
Charles Sitzenstuhl
19%
Christian Girard
19%
Damien Girard
19%
Elise Leboucher
19%
Emmanuel Maurel
19%
Flavien Termet
19%
Idir Boumertit
19%
Jean-François Coulomme
19%
Jean-Paul Mattei
19%
Léa Balage El Mariky
19%
Mathilde Hignet
19%
Michel Castellani
19%
Pascale Got
19%
Philippe Gosselin
19%
Sophie Pantel
19%
Steevy Gustave
19%
Andrée Taurinya
18%
Angélique Ranc
18%
Anne Stambach-Terrenoir
18%
Bartolomé Lenoir
18%
David Amiel
18%
Françoise Buffet
18%
Hervé Saulignac
18%
Julien Dive
18%
Lisa Belluco
18%
Matthias Tavel
18%
Mélanie Thomin
18%
Nicolas Ray
18%
Nicolas Thierry
18%
Paul-André Colombani
18%
Peio Dufau
18%
Pierre Cordier
18%
Roger Vicot
18%
Véronique Besse
18%
Yannick Monnet
18%
Anaïs Belouassa-Cherifi
17%
Antoine Vermorel-Marques
17%
Arnaud Bonnet
17%
Bruno Bilde
17%
Charles Fournier
17%
David Taupiac
17%
Emmanuel Taché de la Pagerie
17%
Frédéric Maillot
17%
Frédéric Valletoux
17%
Ian Boucard
17%
Jean-Pierre Vigier
17%
Karine Lebon
17%
Loïc Kervran
17%
Marianne Maximi
17%
Mathieu Lefèvre
17%
Michel Herbillon
17%
Nicolas Bonnet
17%
Paul Molac
17%
Philippe Vigier
17%
Raphaël Schellenberger
17%
Sophie Blanc
17%
Sylvie Bonnet
17%
Véronique Louwagie
17%
Violette Spillebout
17%
Alexandre Portier
16%
Alexis Jolly
16%
Anne-Laure Blin
16%
Céline Thiébault-Martinez
16%
Christophe Barthès
16%
Danielle Brulebois
16%
Éléonore Caroit
16%
Emmanuel Tijbaou
16%
Fabien Di Filippo
16%
François Cormier-Bouligeon
16%
Jean-François Rousset
16%
Jérémie Iordanoff
16%
Jiovanny William
16%
Joëlle Mélin
16%
Josiane Corneloup
16%
Marine Ferrari
16%
Mathilde Feld
16%
Michèle Martinez
16%
Mickaël Bouloux
16%
Yoann Gillet
16%
Béatrice Bellamy
15%
Brigitte Barèges
15%
Christian Baptiste
15%
Christine Arrighi
15%
David Magnier
15%
Estelle Mercier
15%
Félicie Gérard
15%
Florent Boudié
15%
Frédéric Falcon
15%
Lise Magnier
15%
Ludovic Mendes
15%
Marcellin Nadeau
15%
Marc Ferracci
15%
Murielle Lepvraud
15%
Paul Christophle
15%
Thierry Sother
15%
Yannick Neuder
15%
Abdelkader Lahmar
14%
Alexandre Loubet
14%
Benoît Biteau
14%
Caroline Colombier
14%
Charlotte Parmentier-Lecocq
14%
Christophe Bentz
14%
Christophe Naegelen
14%
Edouard Bénard
14%
François Jolivet
14%
François-Xavier Ceccoli
14%
Gérard Leseul
14%
Gisèle Lelouis
14%
Guillaume Garot
14%
Jean-Michel Jacques
14%
Katiana Levavasseur
14%
Kévin Mauvieux
14%
Lionel Causse
14%
Lionel Tivoli
14%
Marie-France Lorho
14%
Marie Lebec
14%
Nicolas Dragon
14%
Nicolas Forissier
14%
Nicolas Turquois
14%
Philippe Naillet
14%
Philippe Schrek
14%
Pieyre-Alexandre Anglade
14%
Richard Ramos
14%
Sébastien Saint-Pasteur
14%
Stéphane Lenormand
14%
Sylvie Ferrer
14%
Thibaut Monnier
14%
Annie Vidal
13%
Céline Calvez
13%
Christine Loir
13%
Christophe Blanchet
13%
Florence Goulet
13%
Frank Giletti
13%
Hervé de Lépinau
13%
Jean-Didier Berger
13%
Jean-Louis Thiériot
13%
Jean-Luc Warsmann
13%
Julie Delpech
13%
Julie Lechanteux
13%
Julien Rancoule
13%
Karen Erodi
13%
Kevin Pfeffer
13%
Marie-Christine Dalloz
13%
Marie-José Allemand
13%
Nicole Dubré-Chirat
13%
Olga Givernet
13%
Perrine Goulet
13%
Sophie Mette
13%
Sophie Taillé-Polian
13%
Stéphane Travert
13%
Thierry Benoît
13%
Valérie Bazin-Malgras
13%
Vincent Descœur
13%
Vincent Rolland
13%
Belkhir Belhaddad
12%
Boris Tavernier
12%
Chantal Jourdan
12%
Charles Rodwell
12%
Daniel Grenon
12%
Denis Masséglia
12%
Didier Le Gac
12%
Élie Califer
12%
Emilie Bonnivard
12%
Frédéric Boccaletti
12%
Hubert Brigand
12%
Hubert Ott
12%
Jean-Claude Raux
12%
Jean Laussucq
12%
Jean-Yves Bony
12%
Joseph Rivière
12%
Justine Gruet
12%
Manon Bouquin
12%
Marie-Agnès Poussier-Winsback
12%
Marietta Karamanli
12%
Maxime Laisney
12%
Michaël Taverne
12%
Pascale Bordes
12%
Philippe Bolo
12%
Romain Daubié
12%
Stéphane Hablot
12%
Stéphanie Rist
12%
Thierry Frappé
12%
Yaël Ménaché
12%
Yannick Favennec Becot
12%
Alexandre Allegret-Pilot
11%
Anthony Brosse
11%
Bernard Chaix
11%
Charles Alloncle
11%
Christophe Plassard
11%
Christophe Proença
11%
Colette Capdevielle
11%
Constance Le Grip
11%
François Gernigon
11%
Isabelle Santiago
11%
Jérôme Buisson
11%
Matthias Renault
11%
Nicole Le Peih
11%
Pascal Lecamp
11%
Philippe Latombe
11%
Robert Le Bourgeois
11%
Sophie-Laurence Roy
11%
Sophie Panonacle
11%
Stéphane Delautrette
11%
Stéphane Rambaud
11%
Théo Bernhardt
11%
Anthony Boulogne
10%
Benjamin Dirx
10%
Bertrand Bouyx
10%
Brigitte Liso
10%
Christine Cloarec-Le Nabour
10%
Daniel Labaronne
10%
Eric Pauget
10%
Fabrice Barusseau
10%
Guillaume Florquin
10%
Jean-François Portarrieu
10%
José Beaurain
10%
Julie Laernoes
10%
Julien Guibert
10%
Marie-Noëlle Battistel
10%
Pascal Markowsky
10%
Sandrine Dogor-Such
10%
Sandrine Nosbé
10%
Sophie Errante
10%
Stéphane Mazars
10%
Stéphane Viry
10%
Thomas Lam
10%
Anchya Bamana
9%
Anne Le Henanff
9%
Blandine Brocard
9%
Christelle Petex
9%
Christophe Marion
9%
Emeric Salmon
9%
Emmanuel Blairy
9%
Eric Bothorel
9%
Eric Martineau
9%
Gaëtan Dussausaye
9%
Guillaume Lepers
9%
Jocelyn Dessigny
9%
Joël Bruneau
9%
Jordan Guitton
9%
Jorys Bovet
9%
Max Mathiasin
9%
Mikaele Seo
9%
Nathalie Colin-Oesterlé
9%
Philippe Fait
9%
Pierre Meurin
9%
Romain Eskenazi
9%
Timothée Houssin
9%
Valérie Rossi
9%
Anne-Cécile Violland
8%
Anne Sicard
8%
Antoine Golliot
8%
Arnaud Simion
8%
Aurélien Lopez-Liguori
8%
Ayda Hadizadeh
8%
Béatrice Bellay
8%
Béatrice Roullaud
8%
Claudia Rouaux
8%
Corinne Vignon
8%
Eric Michoux
8%
Frédéric-Pierre Vos
8%
Géraldine Bannier
8%
Gérault Verny
8%
Harold Huwart
8%
Henri Alfandari
8%
Jean-Carles Grelier
8%
Jean-Luc Bourgeaux
8%
Jean-Pierre Bataille
8%
Laurent Baumel
8%
Laurent Croizier
8%
Marie-Pierre Rixain
8%
Marine Hamelet
8%
Matthieu Bloch
8%
Mereana Reid Arbelot
8%
Michel Lauzzana
8%
Mickaël Cosson
8%
Monique Griseti
8%
Olivier Fayssat
8%
Philippe Lottiaux
8%
Romain Baubry
8%
Sabine Thillaye
8%
Sandra Marsaud
8%
Sandrine Runel
8%
Sébastien Humbert
8%
Thierry Perez
8%
Vincent Caure
8%
Vincent Thiébaut
8%
Xavier Albertini
8%
Yannick Chenevard
8%
Amal Amélia Lakrafi
7%
Anaïs Sabatini
7%
Béatrice Piron
7%
Constance de Pélichy
7%
Cyrille Isaac-Sibille
7%
Delphine Lingemann
7%
Fanny Dombre-Coste
7%
Frantz Gumbs
7%
Graziella Melchior
7%
Isabelle Rauch
7%
Jean-Louis Roumégas
7%
Jean-Marie Fiévet
7%
Jean-Pierre Taite
7%
Jérémie Patrier-Leitus
7%
Jérôme Nury
7%
Josy Poueyto
7%
Julie Ozenne
7%
Karim Benbrahim
7%
Natalia Pouzyreff
7%
Nicolas Meizonnet
7%
Nicole Sanquer
7%
Océane Godard
7%
Philippe Bonnecarrère
7%
Pierre Henriet
7%
Pierre Pribetich
7%
Pierrick Courbon
7%
Stéphane Buchou
7%
Véronique Riotton
7%
Alexandre Sabatou
6%
Antoine Villedieu
6%
Auguste Evrard
6%
Aurélien Dutremble
6%
Bastien Marchive
6%
Bénédicte Auzanot
6%
Bertrand Sorre
6%
Bruno Clavet
6%
Catherine Rimbert
6%
Denis Fégné
6%
Eddy Casterman
6%
Emmanuel Duplessy
6%
Emmanuel Fouquart
6%
Emmanuel Mandon
6%
Florence Joubert
6%
Frédéric Weber
6%
Géraldine Grangier
6%
Jean-Luc Fugit
6%
Jean Terlier
6%
Jimmy Pahun
6%
Lisette Pollet
6%
Marc Pena
6%
Marie Récalde
6%
Matthieu Marchio
6%
Maxime Amblard
6%
Sébastien Huyghe
6%
Stéphanie Galzy
6%
Tiffany Joncour
6%
Jacques Oberti
5%
Jonathan Géry
5%
Julien Gokel
5%
Marc de Fleurian
5%
Maxime Michelet
5%
Nadine Lechon
5%
Pascal Jenft
5%
Sandra Delannoy
5%
Sophie Vaginay
5%
Thomas Gassilloud
5%
Tristan Lahais
5%
Valérie Létard
5%
Vincent Trébuchet
5%
Xavier Roseren
5%
Alexandre Dufosset
4%
Jean-Michel Brard
4%
Julien Limongi
4%
Laurence Robert-Dehault
4%
Laurent Lhardit
4%
Marc Chavent
4%
Michel Guiniot
4%
Romain Tonussi
4%
Sylvain Berrios
4%
Sylvie Josserand
4%
Thierry Tesson
4%
Arnaud Sanvert
3%
Claire Marais-Beuil
3%
Florence Hérouin-Léautey
3%
Julien Gabarron
3%
Laurent Mazaury
3%
Moreani Frébault
3%
René Lioret
3%
Aucun quiz correspondant
Distribution des résultats
% des personnes avec chaque résultat
Percentile par nombre de réponses
Votre historique - résultats
Vous n’avez pas pris ce quiz depuis la dernière actualisation